| 000 | 00357 a2200133 4500 | ||
|---|---|---|---|
| 001 | 89206 | ||
| 082 | _a305.23088297 ALE | ||
| 090 |
_c42156 _d42156 |
||
| 100 | _aAlexander khan | ||
| 245 | _aOrphan of islam; no one will listen, no one will help | ||
| 260 |
_aUK _bHarperCollins _c2012 |
||
| 300 | _axiii, 290 p. | ||
| 740 | _aenglish novel;fiction | ||
| 942 |
_aCAE NUST _k305.23088297 ALE |
||
| 999 |
_c324279 _d324279 |
||